Não estou sozinho (Record no. 1503)

MARC details
000 -LEADER
campo de control de longitud fija 00392nam a2200133 4500
008 - DATOS DE LONGITUD FIJA--INFORMACIÓN GENERAL
campo de control de longitud fija 779.092 P419n
020 ## - NÚMERO INTERNACIONAL ESTÁNDAR DEL LIBRO
Número Internacional Estándar del Libro 9788591666911
082 ## - NÚMERO DE LA CLASIFICACIÓN DECIMAL DEWEY
Número de clasificación 779.092
Número de ítem P419n
100 ## - ENTRADA PRINCIPAL--NOMBRE DE PERSONA
Nombre de persona Penteado, André
9 (RLIN) 6158
245 ## - MENCIÓN DEL TÍTULO
Título Não estou sozinho
260 ## - PUBLICACIÓN, DISTRIBUCIÓN, ETC.
Lugar de publicación, distribución, etc. São Paulo
Nombre del editor, distribuidor, etc. Centro cultural São Paulo
Fecha de publicación, distribución, etc. 2016
300 ## - DESCRIPCIÓN FÍSICA
Extensión 130
Otras características físicas ill (col)
Dimensiones 24 x 17 cm
650 ## - PUNTO DE ACCESO ADICIONAL DE MATERIA--TÉRMINO DE MATERIA
Subdivisión general Fotografía
-- Retratos
-- Objetos
-- Ensayo fotográfico
9 (RLIN) 6159
Holdings
Estatus retirado Estado de pérdida Fuente del sistema de clasificación o colocación Estado de daño No para préstamo Biblioteca de origen Biblioteca actual Fecha de adquisición Total de préstamos Signatura topográfica completa Código de barras Visto por última vez Precio de reemplazo Tipo de ítem Koha
    Clasificación Decimal Dewey     Biblioteca LadoV Biblioteca LadoV 21/06/2018   779.092 P419n 004501 21/06/2018 21/06/2018 Material 01